000 00698cab a2200229 4500
001 WB3016-71
008 090401t1994 xxu||||| |||| 00| 0 eng d
035 _a(Sirsi) u37328
041 _aeng
245 _aMotorway tolls
260 _c1994
350 _a0
490 _aIndependent
_v26 April 1994, 5
490 _aTimes
_v26 April 1994, 9(1)
520 _aGovernment has made it clear that it will use motorway tolls to control traffic not simply to raise money and that that these tolls should be in place within four years.
650 _aMOTORWAYS
650 _aROAD PRICING
650 _aTOLL ROADS
690 _aTRANSPORT AND COMMUNICATIONS
942 _n0
948 _c04/03/1997
999 _c24148
_d24148